Statistics for Double Z Answers

Click here to take the quiz!

General Stats

  • This quiz has been taken 28,160 times
    (11,485 since last reset)
  • The average score is 15 of 19

Answer Stats

ClueAnswer% Correct
Sound made by a beeBuzz
98%
Food often topped with pepperoniPizza
96%
Jigsaw or crossword, e.g.Puzzle
95%
Type of cheese most commonly
used in the above
Mozzarella
94%
Type of bear found in North AmericaGrizzly
92%
People who take candid photos
of celebrities
Paparazzi
92%
A light rainDrizzle
90%
Sharon Osbourne's husbandOzzy
86%
Sound made by bacon in a frying panSizzle
86%
Device that prevents a dog from bitingMuzzle
83%
Swing, bebop, or big band, e.g.Jazz
78%
To commit the crime
of misappropriating funds
Embezzle
76%
Winter weather phenomenonBlizzard
75%
To eat or drink with extreme rapidityGuzzle
75%
End piece on a hose or pipeNozzle
72%
Italian term for a city squarePiazza
68%
Food-grinding organ in birdsGizzard
59%
Trumpeter GillespieDizzy
53%
Italian for palacePalazzo
47%

Score Distribution

Percentile by Number Answered

Percent of People with Each Score

Your Score History

You have not taken this quiz since the last reset